header

Performance and productivity in public and nonprofit organizations (Record no. 140635)

MARC details
000 -LEADER
fixed length control field 01593nam a22003974a 4500
082 04 - DEWEY DECIMAL CLASSIFICATION NUMBER
Classification number 352.3/75
100 1# - MAIN ENTRY--AUTHOR NAME
Personal name Berman, Evan M.
245 10 - TITLE STATEMENT
Title Performance and productivity in public and nonprofit organizations
250 ## - EDITION STATEMENT
Edition statement 2nd ed.
260 ## - PUBLICATION, DISTRIBUTION, ETC. (IMPRINT)
Place of publication Armonk, N.Y. :
Name of publisher M.E. Sharpe, Inc.,
Year of publication c2006.
300 ## - PHYSICAL DESCRIPTION
Number of Pages xii, 226 p. :
Other physical details ill.
500 ## - GENERAL NOTE
General note Rev. ed. of.: Productivity in public and nonprofit organizations, 1998.
650 #0 - SUBJECT ADDED ENTRY--TOPICAL TERM
Topical Term Government productivity.
Topical Term Nonprofit organizations
700 1# - ADDED ENTRY--PERSONAL NAME
Personal name Berman, Evan M.
856 40 - ELECTRONIC LOCATION AND ACCESS
Uniform Resource Identifier http://site.ebrary.com/lib/rucke/Doc?id=10178066

No items available.

© 2026 Rongo University
Contact us: librarian | system librarian | Rongo university